000 02037nam a2200349 a 4500
003 CHAP
005 20230607095405.0
007 ta
008 230606s1999 mx a|||gr6||| 001 h spa d
020 _a970-05-1106-5
040 _amxchpua
_cCHAP
_erda
050 1 0 _aBR157
_b.R58 1999
082 0 0 _a808.879382
_bR58 1999
_220
100 1 _997542
_aRius
_eautor
245 1 3 _aEl supermercado de las sectas /
_cRius
250 _a1a edición
264 _aMéxico :
_bGrijalbo,
_c1999
300 _a255 páginas :
_bilustraciones
336 _2rdacontent
_atexto
_btxt
337 _2rdamedia
_asin medio
_bn
338 _2rdacarrier
_avolumen
_bnc
504 _aBibliografía: página 255
520 2 _aEste libro escribe Rius intenta desenmascarar a las sectas, sean budistas, católicas, protestantes o mexicanas, y liberar de telarañas a los ingenuos e ingenuas (sobre todo) que andan a la búsqueda del camino de la luz. Producto de una investigación en serio, El supermercado de las sectas disecciona en primer lugar los engañosos mecanismos que utilizan gurús, pastores, maestros espirituales, etc., para engatusara sus clientelas. De dichos mecanismos se valen, incluso, las sectas católicas, porque, como demuestra Rius, las principales agrupaciones sectarias se presentan en el seno mismo de las religiones establecidas; en el caso católico hay que destacar al Opus Dei y a los Legionarios de Maciel. Pero el repaso abarca prácticamente a todas las sectas que han proliferado en el mundo contemporáneo y que han hecho estragos entre los ingenuos y bien intencionados. Así, la lectura de este informado y divertido libro proporciona un blindaje eficaz para no caer en las garras del fanatismo seudo espiritual.
650 1 3 _9187360
_aSátira
650 1 2 _9133612
_aLiteratura mexicana
_ySiglo XX
650 1 7 _9103556
_aSectas
_xCaricaturas
650 1 3 _9187362
_aHumor
650 1 3 _9187361
_aSatire
650 1 3 _9153762
_aMexican literature
_x
_y20th. century
650 1 7 _9187359
_aSects
_xCartoons
942 _2ddc
_cLibro
999 _c218919
_d218919